000 01568nam0a22003371 4500
001 rc\4328588
005 20250611155602.0
035 _a(NLR Aleph) 008269202
090 _a8445533
_c8445533
100 _a20130416d1961 |||y0rusy50 ca
101 0 _arus
102 _aRU
105 _ay ac |||||
135 _acrmn mmmanaba
200 1 _aТематические картотеки и библиографические указатели
_eМетод. указания для б-к сектора сети спец. б-к Акад. наук СССР
_fСост. библиограф В.В. Госина
_gПод ред. библиографа Е.О. Вильдт
_gБ-ка Акад. наук СССР. Сектор сети спец. б-к. Науч. метод. отд.
210 _aМосква
_cБ. и.
_d1961
215 _a[2], 44, [5] с.
_d21
300 _aНа обл. сост. не указан
325 _aКопия доступна в Электрон. б-ке РНБ
333 _aПродаже не подлежит
700 1 _aГосина
_bВ.В.
_4220
702 1 _aВильдт
_bЕ.О.
_4340
801 0 _aRU
_bNLR
_gpsbo
801 1 _aRU
_bELAR
_2rusmarc
852 _aNLR
_jБ Б400/Т32
942 _cBOOK
980 _aNB
981 1 3 _a(13) Документы, защищенные авторским правом
_b(13) Современная научная, научно-популярная и популярная л